000 00374nam a22001697a 4500
005 20160616113206.0
008 160616b xxu||||| |||| 00| 0 eng d
020 _a970-81-203-3334-5
041 _aeng
082 _b7942
100 _aBasu, B.N.
_92076
245 _aTechnical Writing
260 _bPHI
_c2008
300 _a146
650 _aManagement
_9241
942 _cBK
999 _c2911
_d2910